Pays ne contenant pas la lettre "O" - Statistiques

Statistiques générales
  • Ce quiz a été pris 1 169 fois
  • Le résultat moyen est 93 sur 121
Statistiques - réponses
Pays % Correct
France
98%
Espagne
95%
Algérie
94%
États-Unis
94%
Allemagne
93%
Canada
93%
Chine
93%
Russie
93%
Australie
92%
Finlande
91%
Suède
91%
Brésil
90%
Italie
90%
Belgique
89%
Argentine
88%
Irlande
88%
Tunisie
88%
Afrique du Sud
87%
Mexique
87%
Suisse
87%
Égypte
86%
Inde
86%
Lituanie
86%
Turquie
86%
Danemark
85%
Islande
85%
Afghanistan
84%
Albanie
84%
Chili
84%
Pays-Bas
84%
Uruguay
84%
Vatican
84%
Arménie
83%
Grèce
83%
Irak
83%
Iran
83%
Ukraine
83%
Venezuela
83%
Autriche
82%
Israël
82%
Paraguay
82%
Libye
81%
Yémen
81%
Pakistan
80%
Qatar
80%
Zimbabwe
80%
Viêt Nam
79%
Zambie
79%
Cuba
78%
Guinée
78%
Kazakhstan
78%
Mali
78%
Sénégal
78%
Thaïlande
78%
Liban
77%
Liechtenstein
77%
Madagascar
77%
Malte
77%
Serbie
77%
Turkménistan
77%
Azerbaïdjan
76%
Bulgarie
76%
Chypre
76%
Émirats Arabes Unis
76%
Niger
76%
Saint-Marin
76%
Fidji
75%
Jamaïque
75%
Kenya
75%
Nigeria
75%
Syrie
75%
Mauritanie
74%
Népal
74%
Panama
74%
République Tchèque
74%
Suriname
74%
Équateur
73%
Érythrée
73%
Guatemala
73%
Guyana
73%
Ghana
72%
Haïti
72%
Malaisie
72%
Birmanie
71%
Rwanda
71%
Tadjikistan
71%
Bangladesh
70%
Guinée-Bissau
70%
Nicaragua
70%
Philippines
70%
Sri Lanka
70%
Tanzanie
70%
Bahamas
69%
Bénin
69%
Kirghizistan
69%
Namibie
69%
Belize
68%
Cap-Vert
68%
Liberia
68%
Seychelles
68%
Tchad
68%
Bahreïn
67%
Vanuatu
67%
Eswatini
66%
Gambie
66%
Maldives
66%
Sainte-Lucie
66%
Taïwan
66%
Tuvalu
66%
Saint-Vincent et les Grenadines
65%
Malawi
64%
Maurice
64%
Barbade
63%
Burundi
63%
Îles Marshall
62%
Brunei
61%
République Centrafricaine
61%
Antigua-et-Barbuda
60%
Kiribati
60%
Nauru
60%
Grenade
58%
Aucun quiz correspondant
Distribution des résultats
% des personnes avec chaque résultat
Percentile par nombre de réponses
Votre historique - résultats
Vous n’avez pas pris ce quiz